All MCU Disney+ Shows - Statistics

General Stats
  • This quiz has been taken 349 times
    122 since last reset
  • The average score is 7 of 10
Answer Stats
Hint Answer % Correct
2021 Loki
87%
2021 WandaVision
86%
2021 The Falcon and The Winter Soldier
78%
2022 Moon Knight
69%
2021 What If...?
67%
2021 Hawkeye
66%
2022 Ms. Marvel
66%
2022 She-Hulk
66%
2023 Secret Invasion
48%
2024 Agatha All Along
44%
No matching quizzes found
Score Distribution
Percent of People with Each Score
Percentile by Number Answered
Your Score History
You have not taken this quiz since the last reset